000
00474nam a2200181Ia 4500
008
151018s9999 xx 000 0 und d
082
_b
RBASDV23413
_a
891.433
100
_a
राणू
245
_a
सिसकती धारा
250
_b
1
260
_b
डायमंड
300
_a
205
600
_a
राणू
630
_a
सिसकती धारा
700
_a
राणू
730
_a
सिसकती धारा
942
_c
BOOK
999
_c
1023068
_d
1023065